000 00619cab a2200193 4500
001 WB2529-27
008 090401t1989 xxu||||| |||| 00| 0 eng d
035 _a(Sirsi) u81155
041 _aeng
245 _aFalling confidence in Hong Kong
260 _c1989
350 _a0
490 _aFinancial Times
_v21/7/89 p3
490 _aTimes
_v27/7/89 p30 (3)
520 _aConfidence in the future of Hong Kong suffered a blow when the highest bid for a piece of land for development was well below the price hoped for by the government.
690 _aPROPERTY LAW AND PRACTICE
942 _n0
948 _c04/03/1997
999 _c51143
_d51143